<?xml version="1.0" encoding="UTF-8"?>
<record
    xmlns:xsi="http://www.w3.org/2001/XMLSchema-instance"
    xsi:schemaLocation="http://www.loc.gov/MARC21/slim http://www.loc.gov/standards/marcxml/schema/MARC21slim.xsd"
    xmlns="http://www.loc.gov/MARC21/slim">

  <leader>01224aam a2200337 i 4500</leader>
  <controlfield tag="001">vtls000907417</controlfield>
  <controlfield tag="003">PNM</controlfield>
  <controlfield tag="005">20201208121431.0</controlfield>
  <controlfield tag="008">200709t20192019xxkao  g      001 0 eng d</controlfield>
  <datafield tag="020" ind1=" " ind2=" ">
    <subfield code="a">9781912286812</subfield>
    <subfield code="q">hardback</subfield>
    <subfield code="c">RM109.90</subfield>
  </datafield>
  <datafield tag="039" ind1=" " ind2="9">
    <subfield code="a">202007211105</subfield>
    <subfield code="b">irfah</subfield>
    <subfield code="c">202007090803</subfield>
    <subfield code="d">hisyamuddin_m</subfield>
  </datafield>
  <datafield tag="040" ind1=" " ind2=" ">
    <subfield code="a">PNM</subfield>
    <subfield code="b">eng</subfield>
    <subfield code="c">PNM</subfield>
    <subfield code="e">rda</subfield>
    <subfield code="d">PPAK</subfield>
  </datafield>
  <datafield tag="082" ind1="0" ind2="4">
    <subfield code="a">032.02</subfield>
    <subfield code="2">23</subfield>
  </datafield>
  <datafield tag="090" ind1="0" ind2="0">
    <subfield code="a">032.02</subfield>
    <subfield code="b">GUI</subfield>
    <subfield code="d">R</subfield>
  </datafield>
  <datafield tag="245" ind1="0" ind2="0">
    <subfield code="a">GUINNESS WORLD RECORDS 2020 /</subfield>
  </datafield>
  <datafield tag="246" ind1="3" ind2="3">
    <subfield code="a">World records 2020</subfield>
  </datafield>
  <datafield tag="264" ind1=" " ind2="1">
    <subfield code="a">United Kingdom :</subfield>
    <subfield code="b">Guinness World Record,</subfield>
    <subfield code="c">[2019]</subfield>
  </datafield>
  <datafield tag="264" ind1=" " ind2="4">
    <subfield code="c">&#xA9;2019</subfield>
  </datafield>
  <datafield tag="300" ind1=" " ind2=" ">
    <subfield code="a">255 pages :</subfield>
    <subfield code="b">colour illustrations, colour photographs ;</subfield>
    <subfield code="c">30 cm</subfield>
  </datafield>
  <datafield tag="336" ind1=" " ind2=" ">
    <subfield code="a">text</subfield>
    <subfield code="2">rdacontent</subfield>
  </datafield>
  <datafield tag="336" ind1=" " ind2=" ">
    <subfield code="a">still image</subfield>
    <subfield code="2">rdacontent</subfield>
  </datafield>
  <datafield tag="337" ind1=" " ind2=" ">
    <subfield code="a">unmediated</subfield>
    <subfield code="2">rdamedia</subfield>
  </datafield>
  <datafield tag="338" ind1=" " ind2=" ">
    <subfield code="a">volume</subfield>
    <subfield code="2">rdacarrier</subfield>
  </datafield>
  <datafield tag="500" ind1=" " ind2=" ">
    <subfield code="a">Includes index</subfield>
  </datafield>
  <datafield tag="505" ind1=" " ind2=" ">
    <subfield code="t">Planet Earth --
</subfield>
    <subfield code="t">Animals --
</subfield>
    <subfield code="t">Humans --
</subfield>
    <subfield code="t">Recordology --</subfield>
    <subfield code="t">Viral sports --
</subfield>
    <subfield code="t">Spirit of adventure --
</subfield>
    <subfield code="t">Society --</subfield>
    <subfield code="t">Robots --
</subfield>
    <subfield code="t">Tech &amp; engineering --</subfield>
    <subfield code="t">Arts &amp; media --
</subfield>
    <subfield code="t">Sports.</subfield>
  </datafield>
  <datafield tag="650" ind1="1" ind2="0">
    <subfield code="a">Curiosities and wonders</subfield>
  </datafield>
  <datafield tag="650" ind1="2" ind2="0">
    <subfield code="a">World records</subfield>
  </datafield>
  <datafield tag="710" ind1="2" ind2=" ">
    <subfield code="a">Guinness World Records Limited,</subfield>
    <subfield code="e">issuing body.</subfield>
  </datafield>
  <datafield tag="942" ind1=" " ind2=" ">
    <subfield code="2">ddc</subfield>
    <subfield code="c">B</subfield>
  </datafield>
  <datafield tag="949" ind1=" " ind2=" ">
    <subfield code="6">1001346360</subfield>
    <subfield code="e">2672190</subfield>
    <subfield code="s">5700:20200922</subfield>
  </datafield>
  <datafield tag="999" ind1=" " ind2=" ">
    <subfield code="c">180410</subfield>
    <subfield code="d">180410</subfield>
  </datafield>
  <datafield tag="952" ind1=" " ind2=" ">
    <subfield code="0">0</subfield>
    <subfield code="7">1</subfield>
    <subfield code="b">PPAK</subfield>
    <subfield code="c">R</subfield>
    <subfield code="d">2020-12-24</subfield>
    <subfield code="o">R 032.02 GUI</subfield>
    <subfield code="p">A01664507</subfield>
    <subfield code="r">2020-12-24 00:00:00</subfield>
    <subfield code="y">B</subfield>
  </datafield>
  <datafield tag="952" ind1=" " ind2=" ">
    <subfield code="0">0</subfield>
    <subfield code="7">1</subfield>
    <subfield code="b">SP</subfield>
    <subfield code="c">R</subfield>
    <subfield code="d">2020-12-24</subfield>
    <subfield code="o">R 032.02 GUI</subfield>
    <subfield code="p">A01664508</subfield>
    <subfield code="r">2020-12-24 00:00:00</subfield>
    <subfield code="y">B</subfield>
  </datafield>
  <datafield tag="952" ind1=" " ind2=" ">
    <subfield code="0">0</subfield>
    <subfield code="7">1</subfield>
    <subfield code="b">LW</subfield>
    <subfield code="c">R</subfield>
    <subfield code="d">2020-12-24</subfield>
    <subfield code="o">R 032.02 GUI</subfield>
    <subfield code="p">A01664509</subfield>
    <subfield code="r">2020-12-24 00:00:00</subfield>
    <subfield code="y">B</subfield>
  </datafield>
  <datafield tag="952" ind1=" " ind2=" ">
    <subfield code="0">0</subfield>
    <subfield code="7">1</subfield>
    <subfield code="b">KM</subfield>
    <subfield code="c">R</subfield>
    <subfield code="d">2020-12-24</subfield>
    <subfield code="o">R 032.02 GUI</subfield>
    <subfield code="p">A01664510</subfield>
    <subfield code="r">2020-12-24 00:00:00</subfield>
    <subfield code="y">B</subfield>
  </datafield>
  <datafield tag="952" ind1=" " ind2=" ">
    <subfield code="0">0</subfield>
    <subfield code="7">1</subfield>
    <subfield code="b">BL</subfield>
    <subfield code="c">R</subfield>
    <subfield code="d">2020-12-24</subfield>
    <subfield code="o">R 032.02 GUI</subfield>
    <subfield code="p">A01664511</subfield>
    <subfield code="r">2020-12-24 00:00:00</subfield>
    <subfield code="y">B</subfield>
  </datafield>
</record>
